Stress and Health (Record no. 27245)
[ view plain ]
| 000 -LEADER | |
|---|---|
| fixed length control field | 00904nam a2200133Ia 4500 |
| 008 - FIXED-LENGTH DATA ELEMENTS--GENERAL INFORMATION | |
| fixed length control field | 220620s9999||||xx |||||||||||||| ||und|| |
| 020 ## - INTERNATIONAL STANDARD BOOK NUMBER | |
| International Standard Book Number | 9783040000000 |
| 245 #0 - TITLE STATEMENT | |
| Title | Stress and Health |
| Remainder of title | Understanding the Effects and Examining Interventions |
| 546 ## - LANGUAGE NOTE | |
| Language note | English[eng] |
| 650 ## - SUBJECT ADDED ENTRY--TOPICAL TERM | |
| Topical term or geographic name entry element | commercial smartwatch||mental stress||psychophysiological||emotion regulation||heart rate variability||electrodermal activity||posttraumatic stress disorder||war veterans||trauma and stressor related disorders||adverse childhood experiences||attachment||psychotherapy||glucocorticoids||cortisol||glucocorticoid receptor||NR3C1||FKBP5||youth mentoring||immigrants||social inclusion||psychosocial well-being||youth health||acculturative stress||North Korean refugees||child abuse||parenting self-efficacy||qualitative case study |
| 700 ## - ADDED ENTRY--PERSONAL NAME | |
| Personal name | Taylor, Alyx |
| 856 ## - ELECTRONIC LOCATION AND ACCESS | |
| Uniform Resource Identifier | <a href="https://mdpi.com/books/pdfview/book/3693">https://mdpi.com/books/pdfview/book/3693</a> |
| 942 ## - ADDED ENTRY ELEMENTS (KOHA) | |
| Koha item type | E-Books |
| Withdrawn status | Lost status | Damaged status | Not for loan | Home library | Current library | Date acquired | Total Checkouts | Date last seen | Price effective from | Koha item type |
|---|---|---|---|---|---|---|---|---|---|---|
| Kerala University of Digital Sciences, Innovation and Technology Knowledge Centre | Kerala University of Digital Sciences, Innovation and Technology Knowledge Centre | 20/06/2022 | 20/06/2022 | 20/06/2022 | E-Books |